000
00195 a2200097 4500
001
10711
100
_a
Hadley, H E
245
_a
I will fly no more
260
_a
_b
Unwin
_c
090
_c
8311
_d
8311
942
_a
NUST-CAE
_c
M
_c
35058
999
_c
245784
_d
245784